00671cam a2200205 i 4500999001500000001000500015003000900020005001700029008004100046020001500087040002800102082001800130100002200148245005300170260004100223300002400264651004900288942001200337952011600349 c6546d65463710BD-DhUAP20210104094442.0210104s1977 enka 000 1 eng  a0207159920 aDLCcDLCdBD-DhUAPbeng00a823.3 MOO2231 aMoorhouse, Frank.10aTales of mystery and romance /cFrank Moorhouse. aLondon :bAngus & Robertson,cc1977. a147 pages ;c23 cm. 0aAustraliaxSocial life and customsxFiction. 2ddccBK 00102ddc4070aUAPCLbUAPCLcGeneral Stacksd2021-01-04o823.3 MOOp3010003710r2021-01-04t1w2021-01-04yBK